000 00466nam a2200205Ia 4500
008 240510s9999 xx 000 0 und d
020 _a0000072410507
041 _aEng
082 _a657.45
082 _bR51
100 _aROBERTSON, J.C.: LOUWERS, T.J.:
245 0 _aAUDITING AND ASSURANCE SERVICES
250 _a10th ed.
260 _bMcGraw Hill Irwin
260 _c2002
300 _a728 p.
650 _aAuditing
942 _2ddc
942 _cLBK
999 _c27906
_d27906
945 _a1
_bMadushi Gamage
_c1
_dMadushi Gamage